Singleness, marriage, and the will of God / (Record no. 4838)

MARC details
000 -LEADER
fixed length control field 00887cam a2200265 a 4500
001 - CONTROL NUMBER
control field 17083705
003 - CONTROL NUMBER IDENTIFIER
control field GBCCL
005 - DATE AND TIME OF LATEST TRANSACTION
control field 20241126110528.0
008 - FIXED-LENGTH DATA ELEMENTS--GENERAL INFORMATION
fixed length control field 111214s2012 oru 000 0 eng
010 ## -
-- 2011050762
020 ## - INTERNATIONAL STANDARD BOOK NUMBER
International Standard Book Number 9780736945493 (hardcover)
040 ## - CATALOGING SOURCE
Original cataloging agency DLC
Transcribing agency DLC
Modifying agency DLC
042 ## -
-- pcc
050 00 -
-- BV835
-- .M29 2012
082 00 - DEWEY DECIMAL CLASSIFICATION NUMBER
Classification number 248.4
Edition information 23
Item number MAX
100 1# - MAIN ENTRY--PERSONAL NAME
Personal name Maxson, J. Robin,
Dates associated with a name 1947-
9 (RLIN) 8814
245 10 - TITLE STATEMENT
Title Singleness, marriage, and the will of God /
Statement of responsibility, etc. J. Robin Maxson with Garry Friesen.
260 ## - PUBLICATION, DISTRIBUTION, ETC.
Place of publication, distribution, etc. Eugene, Or. :
Name of publisher, distributor, etc. Harvest House Publishers,
Date of publication, distribution, etc. c2012.
300 ## - PHYSICAL DESCRIPTION
Extent 396 p. ;
Dimensions 24 cm.
650 #0 - SUBJECT ADDED ENTRY--TOPICAL TERM
Topical term or geographic name entry element Marriage
General subdivision Religious aspects
-- Christianity.
9 (RLIN) 295
700 1# - ADDED ENTRY--PERSONAL NAME
Personal name Friesen, Garry,
Dates associated with a name 1947-
9 (RLIN) 8815
906 ## - LOCAL DATA ELEMENT F, LDF (RLIN)
a 7
b cbc
c orignew
d 1
e ecip
f 20
g y-gencatlg
942 ## - ADDED ENTRY ELEMENTS (KOHA)
Source of classification or shelving scheme Dewey Decimal Classification
Koha item type Books
Koha issues (borrowed), all copies 4
Holdings
Withdrawn status Lost status Source of classification or shelving scheme Damaged status Not for loan Home library Current Library Shelving location Date acquired Total checkouts Full call number Barcode Date last seen Date last checked out Copy number Price effective from Koha item type
    Dewey Decimal Classification     GRACE BIBLE COLLEGE GRACE BIBLE COLLEGE Ministry & Mission 2018-02-08 4 248.4 MAX 014615 2025-05-01 2020-01-30 c.1 2018-02-08 Books
    Dewey Decimal Classification     GRACE BIBLE COLLEGE GRACE BIBLE COLLEGE Ministry & Mission 2024-01-12   248.4 MAX 016427 2025-05-01   c.2 2024-01-12 Books
© Grace Bible College Library 2025